Nunca treze à mesa : (Record no. 1024)
[ view plain ]
| 000 -LÍDER | |
|---|---|
| campo de controle de tamanho fixo | 01164nam a22002537a 4500 |
| 003 - IDENTIFICADOR DO NÚMERO DE CONTROLE | |
| campo de controle | OSt |
| 005 - DATA E HORÁRIO DA ÚLTIMA TRANSAÇÃO | |
| campo de controle | 20251201121027.0 |
| 008 - CAMPO DE DADOS FIXOS--INFORMAÇÃO GERAL | |
| campo de controle de tamanho fixo | 251201b |||||||| |||| 00| 0 eng d |
| 020 ## - ISBN - INTERNATIONAL STANDARD BOOK NUMBER | |
| ISBN - International Standard Book Number | 8571646635 |
| 040 ## - FONTE DA CATALOGAÇÃO | |
| Instituição que transcreveu o registro | Nolita |
| 041 ## - CÓDIGO DE IDIOMA | |
| Código do idioma do texto/trilha sonora ou título diferente | Português |
| 100 ## - ENTRADA PRINCIPAL--NOME PESSOAL | |
| Nome pessoal | Del Sole, Orietta, |
| Datas associadas ao nome | 1922-1995 |
| 9 (RLIN) | 1666 |
| 245 ## - TÍTULO | |
| Título | Nunca treze à mesa : |
| Restante do título | andanças e histórias gastronômicas / |
| Indicação de responsabilidade, etc. | Orietta del Sole ; organização, Eduardo Logullo |
| 260 ## - PUBLICAÇÃO, DISTRIBUIÇÃO, ETC. | |
| Local de publicação, distribuição, etc. | São Paulo : |
| Nome do editor, distribuidor, etc. | Companhia das Letras, |
| Data da publicação, distribuição, etc. | 1997 |
| 300 ## - DESCRIÇÃO FÍSICA | |
| Extensão | 303 p. : |
| Outros detalhes físicos | il. col. ; |
| Dimensões | 23 cm |
| 500 ## - NOTA GERAL | |
| Nota geral | Inclui índice. |
| 520 ## - NOTA DE RESUMO, ETC. | |
| Resumo, etc. | Reunião de crônicas e relatos gastronômicos de Orietta del Sole, que percorre memórias, viagens e tradições culinárias com humor e sensibilidade. A autora combina experiências pessoais e referências culturais para explorar a gastronomia como expressão de identidade e convivência. Uma obra saborosa que celebra o prazer da mesa e as histórias que a cercam. |
| 650 #0 - ASSUNTO--TERMO TÓPICO | |
| Cabeçalho tópico ou nome geográfico | Literatura italiana |
| Subdivisão geral | Crônicas |
| 9 (RLIN) | 1667 |
| 650 #0 - ASSUNTO--TERMO TÓPICO | |
| Cabeçalho tópico ou nome geográfico | Gastronomia |
| 9 (RLIN) | 7 |
| 650 #0 - ASSUNTO--TERMO TÓPICO | |
| Cabeçalho tópico ou nome geográfico | Culinária italiana |
| 9 (RLIN) | 27 |
| 650 #0 - ASSUNTO--TERMO TÓPICO | |
| Cabeçalho tópico ou nome geográfico | Receitas |
| 9 (RLIN) | 12 |
| 700 1# - ENTRADA ADICIONADA - NOME PESSOAL | |
| Nome pessoal | Logullo, Eduardo |
| 9 (RLIN) | 1668 |
| Função do autor por extenso | Organização |
| 942 ## - ELEMENTOS DE ENTRADA ADICIONADOS (KOHA) | |
| Fonte de classificação ou esquema de arquivamento | Classificação decimal de Dewey |
| Tipo de material Koha | Livros |
| Ocultar no OPAC | Não |
| Situação do descarte | Situação das perdas | Fonte de classificação ou esquema de arquivamento | Status danificado | Não pode ser emprestado | Coleção | Biblioteca de origem | Biblioteca atual | Data de aquisição | Total de empréstimos | Número de chamada completo | Código de barras | Data de último acesso | Data do preço efetivo | Tipo de material Koha |
|---|---|---|---|---|---|---|---|---|---|---|---|---|---|---|
| Classificação decimal de Dewey | Não ficção | Nolita Roastery | Nolita Roastery | 12/01/2025 | L1102 | L1102 | 12/01/2025 | 12/01/2025 | Livros |